000
00224nam a2200097Ia 4500
008
120527s9999 xx 000 0 und d
100
_a
MURPHY, P
245
_a
Handbook of critical care
260
_b
Science Pres
942
_c
BK
999
_c
25700
_d
25700